Alle Achterbahnen in Erlebnispark Tripsdrill - Statistiken

Allgemein
  • Dieses Quiz wurde 58 mal gespielt
  • Das Durchschnittsergebnis liegt bei 4 aus 6
Antwortstatistiken
Hint Antwort % Korrekt
2013 Karacho
91%
2008 Mammut
85%
2020 Hals-über-Kopf
79%
1998 G'sengte Sau
74%
2020 Volldampf
62%
1986 Rasender Tausendfüßler
58%
Keine übereinstimmenden Quizze gefunden
Verteilung der Resultate
Anzahl Personen mit jedem Resultat
Perzentil nach korrekt beantworteten Fragen
Ihre Resultats-Entwicklung
Sie haben dieses Quiz noch nicht gespielt